|
|
|
|
| LEADER |
00000naa2a2200000 4500 |
| 001 |
618576 |
| 005 |
20231102023740.0 |
| 035 |
|
|
|a (RuTPU)RU\TPU\conf\16958
|
| 035 |
|
|
|a RU\TPU\conf\9352
|
| 090 |
|
|
|a 618576
|
| 100 |
|
|
|a 20160606d2014 k y0rusy50 ca
|
| 101 |
0 |
|
|a rus
|
| 102 |
|
|
|a RU
|
| 105 |
|
|
|a y z 101zy
|
| 135 |
|
|
|a drcn ---uucaa
|
| 181 |
|
0 |
|a i
|
| 182 |
|
0 |
|a b
|
| 200 |
1 |
|
|a Смерть как проблема текста Ренаты Литвиновой
|f Э. Э. Айрих
|g науч. рук. М. Ф. Климентьева
|
| 203 |
|
|
|a Текст
|c электронный
|
| 230 |
|
|
|a 1 компьютерный файл (pdf; 292 Кb)
|
| 300 |
|
|
|a Заглавие с титульного экрана
|
| 320 |
|
|
|a [Библиогр.: с. 39 (4 назв.)]
|
| 337 |
|
|
|a Adobe Reader
|
| 461 |
|
1 |
|0 (RuTPU)RU\TPU\conf\9284
|t Язык и мировая культура: взгляд молодых исследователей
|o сборник материалов XIV Всероссийской научно-практической конференции, г. Томск, 26-28 апреля 2014 г.
|o в 2 ч.
|f Национальный исследовательский Томский политехнический университет (ТПУ) ; под ред. Н. А. Качалова
|d 2014
|
| 463 |
|
0 |
|0 (RuTPU)RU\TPU\conf\9285
|t Ч. 1
|v [С. 35-39]
|d 2014
|
| 600 |
|
1 |
|a Литвинова
|b Р. М.
|c российская актриса и сценарист
|c кинорежиссер
|f 1967-
|g Рената Муратовна
|2 stltpush
|3 (RuTPU)RU\TPU\pers\14638
|9 4866
|
| 610 |
1 |
|
|a электронный ресурс
|
| 610 |
1 |
|
|a смерть
|
| 610 |
1 |
|
|a российское кино
|
| 610 |
1 |
|
|a творчество
|
| 610 |
1 |
|
|a текст
|
| 610 |
1 |
|
|a фильмы
|
| 700 |
|
1 |
|a Айрих
|b Э. Э.
|
| 702 |
|
1 |
|a Климентьева
|b М. Ф.
|4 727
|
| 801 |
|
2 |
|a RU
|b 63413507
|c 20220225
|g RCR
|
| 856 |
4 |
|
|u http://www.lib.tpu.ru/fulltext/c/2014/C89/V1/012.pdf
|
| 942 |
|
|
|c BK
|